Central Library OPAC University of Rajshahi

Theory and applications of active devices / (Record no. 12355)

MARC details
000 -LEADER
fixed length control field 00951cam a22002891 4500
001 - CONTROL NUMBER
control field 12355
003 - CONTROL NUMBER IDENTIFIER
rucl marc code BD-RjUL
005 - DATE AND TIME OF LATEST TRANSACTION
control field 20211208235259.0
008 - FIXED-LENGTH DATA ELEMENTS--GENERAL INFORMATION
fixed length control field 140128s1966 njua 001 0 eng
035 ## - SYSTEM CONTROL NUMBER
System control number (BD-RjUL)12404
System control number (OCoLC)1706242
040 ## - CATALOGING SOURCE
Original cataloging agency DLC
Transcribing agency FMU
Modifying agency BD-RjUL
Language of cataloging eng
041 ## - LANGUAGE CODE
Language code of text/sound track or separate title eng
082 ## - DEWEY DECIMAL CLASSIFICATION NUMBER
Classification number 621.381
Author mark and year RET 1966
100 1# - MAIN ENTRY--PERSONAL NAME
Personal name Reich, Herbert J.
9 (RLIN) 38371
245 10 - TITLE STATEMENT
Title Theory and applications of active devices /
Statement of responsibility, etc. Herbert J. Reich, John G. Skalnik [and] Herbert L. Krauss.
260 ## - PUBLICATION, DISTRIBUTION, ETC. (IMPRINT)
Place of publication, distribution, etc. Princeton ; N.J. :
Name of publisher, distributor, etc. Van Nostrand,
Date of publication, distribution, etc. c1966.
300 ## - PHYSICAL DESCRIPTION
Pagination xii, 739 p. :
Illustrations illus. ;
Size 24 cm.
490 ## - SERIES STATEMENT
Series statement The Van Nostrand series in electronics and communications
504 ## - BIBLIOGRAPHY, ETC. NOTE
Bibliography, etc Include index.
650 #0 - SUBJECT ADDED ENTRY--TOPICAL TERM
Topical term or geographic name as entry element Electronic apparatus and appliances.
9 (RLIN) 27896
700 1# - ADDED ENTRY--PERSONAL NAME
Personal name Skalnik, John G.
Relator term joint author.
Personal name Krauss, Herbert L.
Relator term joint author.
942 ## - ADDED ENTRY ELEMENTS (KOHA)
Source of classification or shelving scheme Dewey Decimal Classification
Koha item type Books
Holdings
Lost status Source of classification or shelving scheme Damaged status Not for loan Collection code Permanent Location Current Location Shelving location Date acquired Source of acquisition Total Checkouts Full call number Date last seen Copy number Koha item type
  Dewey Decimal Classification     Non-fiction Central Library, University of Rajshahi Central Library, University of Rajshahi   08/07/1976 U.S.I.S   621.381 RET 1966 28/01/2014 C-2 Books